| 000 | 00761nam a2200229 4500 | ||
|---|---|---|---|
| 003 | OSt | ||
| 005 | 20260601171002.0 | ||
| 008 | 260420b1969\\\\enk\||||\||||\00|\0\eng\d | ||
| 020 | _a029272019x | ||
| 040 |
_aICI _bspa _cICI |
||
| 050 |
_aGF51 _bV39 |
||
| 100 | 1 |
_aVayda, Andrew Peter, _931551 |
|
| 245 | 1 |
_a Environment and cultural behavior : _bEcological studies in cultural anthropology. |
|
| 264 |
_bUniversity of Texas Press, _c1969 _aAustin : |
||
| 300 |
_a485 páginas _c21 cm. |
||
| 336 |
_atexto _2rdacontent |
||
| 337 |
_asin medio _2rdamedia |
||
| 338 |
_avolumen _2rdacarrier |
||
| 490 |
_aTexas press sourcebooks in anthropology ; _v8 |
||
| 650 |
_aSeres humanos _vDiscursos, ensayos, conferencias _xEfectos ambientales _931552 |
||
| 942 |
_2lcc _cB |
||
| 999 |
_c20105 _d20105 |
||